Представление документа в формате RUSMARC

ПолеНазваниеЗначение
  Тип записи a
  Библиографический уровень m
001 Контрольный номер 52180b5f12f84abeb8693721a7091eca
005 Дата корректировки 20171010114056.3
010 Индекс ISBN __
a ISBN 978-5-908836-59-5
d Цена 169,00
101 Язык документа 0_
a Язык текста rus
102 Страна публикации __
a Страна публикации RU
200 Заглавие и сведения об ответственности 1_
a Заглавие Юридическая психология
b Общее обозначение материала Текст
e Сведения, относящиеся к заглавию Учебно-методическое пособие
f Первые сведения об ответственности [авт.-сост.: О.Н.Ганин, П.В. Новиков]; Саран. кооп. ин-т РУК
210 Выходные данные 1_
a Место издания Саранск
c Издательство Принт-Издат
d Дата издания 2015
215 Физическое описание __
a Объем 120с.
610 Ключевые слова 0_
a Ключевые слова юридическая психология
686 Индексы других классификаций __
a Классификационный индекс 88
801 Источник записи _0
a Страна RU
b Организация РУК
g Правила каталогизации PSBO
801 Источник записи _1
a Страна RU
b Организация РУК
g Правила каталогизации PSBO
852 Данные о местонахождении __
i Авторский знак Ю 70
j Шифр хранения 88
901 Тип документа __
t Тип документа m
937 Технологическая информация __
a Создатель записи (имя) Носкова
938 Служебная информация __
a Название организации Саранский филиал
952 Тип литературы __
c Вид литературы учебно-методическое издание